000 01037nas a2200349 4500
001 BR2015001661
003 BR-BrBNA
005 20231205125124.0
007 ta
008 230509b bl.|||p| |||| 00| 00por d
040 _aBR-BrBNA
_bpor
_cBiblioteca Nacional de Agricultura
041 _a(En)
072 _aF30
100 1 _aFerreira, L.G.
100 1 _aBuso, G.S.C.
100 1 _aBrondani, R.P.V.
100 1 _aBrondani, C.
100 1 _aMelo, L.C.
100 1 _aPeloso, M.J. Del
100 1 _aBassinello, P.Z.
100 1 _aSibov, S.T.
100 1 _aCarneiro, M.S.
245 1 _aGenetic map of the common bean using a breeding population derived form the Mesoamerican gene pool
650 _aFEIJÃO
650 _aPHASEOLUS VULGARIS
650 _aMARCADOR MOLECULAR
650 _aCRUZAMENTO
650 _aGENOMA
773 0 _tCrop Breeding and Applied Biotechnology (Brazil)
_xISSN 1518-7853
_g(Mar 2010), v. 10(1) p. 1-6
_wBR2015001661
909 _a202311
_bLúcia
_c55
_dLúcia Elande
942 _2AGRIS
_n0
_cANA
999 _c242753
_d242753